Egypt's golden age, the art of living in the New Kingdom, 1558-1085 B.C. : catalogue of the exhibition.
Corporate Authors: , ,
Format: Book
Language: English
Published:
Boston :
Museum of Fine Arts,
c1982.
Subjects:
Tags: Add Tag
Call Number: DT58.9 .E37 1982
| LEADER | 01141namaa2200301 4500 | ||
|---|---|---|---|
| 001 | 19077 | ||
| 003 | OSt | ||
| 005 | 20260503052755.0 | ||
| 008 | 130303s1982 maua bc 000 0 eng d | ||
| 010 | |a 81084810 | ||
| 020 | |a 0878462074 | ||
| 040 | |c ARCE Library | ||
| 043 | |a f-ua--- | ||
| 050 | 4 | |a DT58.9 .E37 1982 | |
| 245 | 0 | 0 | |a Egypt's golden age, the art of living in the New Kingdom, 1558-1085 B.C. : |b catalogue of the exhibition. |
| 264 | 1 | |a Boston : |b Museum of Fine Arts, |c c1982. | |
| 300 | |a 336 pages : |b illustrations ; |c 28 cm. | ||
| 500 | |a Exhibition held at the Museum of Fine Arts, Boston, Feb. 3-May 2, 1982, Houston Museum of Natural Science, July 14-Sept. 19, 1982, the Walters Art Gallery, Baltimore, Oct. 27, 1982-Jan. 2, 1983. | ||
| 504 | |a Bibliography : pages 312-333. | ||
| 650 | 0 | |a Art, Egyptian |v Exhibitions. | |
| 651 | 0 | |a Egypt |x Antiquities |v Exhibitions. | |
| 651 | 0 | |a Egypt |x Civilization |v Exhibitions. | |
| 710 | 2 | |a Museum of Fine Arts, Boston. | |
| 710 | 2 | |a Houston Museum of Natural Science. | |
| 710 | 2 | |a Walters Art Gallery (Baltimore, Md.) | |
| 901 | |a reviewed | ||
| 942 | |c BK |2 lcc | ||
| 999 | |c 16095 |d 16095 | ||
